All Minecraft mobs as of 1.19 (including Education Edition) - Statistics

General Stats
  • This quiz has been taken 320 times
    193 since last reset
  • The average score is 53 of 82
Answer Stats
Mobs % Correct
Zombie
91%
Pig
89%
Skeleton
88%
Chicken
85%
Cow
85%
Wither
85%
Ender Dragon
83%
Enderman
82%
Sheep
82%
Piglin
81%
Blaze
80%
Villager
80%
Creeper
79%
Wither Skeleton
78%
Cat
77%
Horse
76%
Pillager
76%
Warden
76%
Endermite
75%
Cod
74%
Ghast
74%
Salmon
74%
Spider
74%
Tropical Fish
74%
Wolf
74%
Iron Golem
72%
Magma Cube
72%
Ocelot
71%
Silverfish
71%
Witch
71%
Axolotl
70%
Hoglin
70%
Pufferfish
70%
Shulker
70%
Cave Spider
69%
Donkey
69%
Guardian
69%
Slime
69%
Panda
68%
Zombie Villager
68%
Parrot
67%
Snow Golem
67%
Bat
66%
Drowned
66%
Mule
65%
Ravager
65%
Skeleton Horse
65%
Vindicator
65%
Wandering Trader Llama
64%
Zombified Piglin
64%
Elder Guardian
63%
Husk
63%
Llama
63%
Stray
63%
Vex
63%
Dolphin
62%
Rabbit
62%
Bee
61%
Evoker
61%
Wandering Trader
61%
Zoglin
61%
Polar Bear
60%
Squid
60%
Fox
58%
Phantom
58%
Glow Squid
57%
Goat
57%
Chicken Jockey
56%
Spider Jockey
56%
Mooshroom
55%
Zombie Horse
55%
Ravager Jockey
53%
Strider
53%
Turtle
53%
Piglin Brute
52%
Giant
33%
Charged Creeper
30%
Agent
26%
Illusioner
23%
NPC
22%
Skeleton Horseman
20%
Pillager Captain
11%
No matching quizzes found
Score Distribution
Percent of People with Each Score
Percentile by Number Answered
Your Score History
You have not taken this quiz since the last reset